Logo Biblioteca

Antígona ; Edipo rey / (Registro nro. 1068)

Detalles MARC
000 -LEADER
fixed length control field 01417aam a2200277 a 4500
003 - CONTROL NUMBER IDENTIFIER
control field AR-RoUNCS
005 - DATE AND TIME OF LATEST TRANSACTION
control field 20260630172023.0
007 - PHYSICAL DESCRIPTION FIXED FIELD--GENERAL INFORMATION
fixed length control field ta
008 - FIXED-LENGTH DATA ELEMENTS--GENERAL INFORMATION
fixed length control field 260630s2009 ag |r 00| 1 spa d
020 ## - INTERNATIONAL STANDARD BOOK NUMBER
International Standard Book Number 9789507533143
040 ## - CATALOGING SOURCE
Original cataloging agency AR-RoUNCS
Language of cataloging spa
Transcribing agency AR-RoUNCS
041 ## - LANGUAGE CODE
Language code of text/sound track or separate title spa
100 0# - MAIN ENTRY--PERSONAL NAME
Personal name Sófocles
Relator term autor
245 10 - TITLE STATEMENT
Title Antígona ; Edipo rey /
Statement of responsibility, etc. Sófocles.
260 ## - PUBLICATION, DISTRIBUTION, ETC.
Place of publication, distribution, etc. Buenos Aires :
Name of publisher, distributor, etc. Cántaro,
Date of publication, distribution, etc. c2009.
300 ## - PHYSICAL DESCRIPTION
Extent 153 p. ;
Dimensions 19 cm.
490 0# - SERIES STATEMENT
Series statement Colección del Mirador ;
Volume/sequential designation 226
505 ## - FORMATTED CONTENTS NOTE
Title Puertas de acceso.
505 ## - FORMATTED CONTENTS NOTE
Title La obra: Antígona.
505 ## - FORMATTED CONTENTS NOTE
Title La obra: Edipo rey.
520 ## - SUMMARY, ETC.
Summary, etc. Sófocles ha sabido construir la historia de la grandeza y de la miseria de personajes plenamente humanos, por eso, releer a este autor clásico, en nuestros días, es encontrarse con los grandes problemas que han preocupado a los hombres desde siempre y que, paradójicamente, las sociedades más desarrolladas no han podido, todavía, resolver.<br/>La confrontación de la justicia humana con la divina y los excesos del poder, en Antígona, o la soberbia y el enfrentamiento del ser con su destino, en Edipo rey, son temas que viven en páginas de incomparable tensión dramática y que convocan al lector, joven y adulto por igual, a una lectura reflexiva y fecunda.
650 #7 - SUBJECT ADDED ENTRY--TOPICAL TERM
Topical term or geographic name entry element Mitología griega
Source of heading or term embne
650 #7 - SUBJECT ADDED ENTRY--TOPICAL TERM
Topical term or geographic name entry element Literatura griega
Source of heading or term embne
655 #7 - INDEX TERM--GENRE/FORM
Source of term embne
Genre/form data or focus term Tragedias
942 ## - ADDED ENTRY ELEMENTS (KOHA)
Source of classification or shelving scheme Universal Decimal Classification
Koha item type Obra General
Suppress in OPAC No
Existencias
Withdrawn status Lost status Source of classification or shelving scheme Damaged status Not for loan Collection Home library Current library Date acquired Source of acquisition Total checkouts Full call number Barcode Date last seen Price effective from Koha item type
    Universal Decimal Classification     Colección General Biblioteca Escuela de Ciencias Sociales Biblioteca Escuela de Ciencias Sociales 30/06/2026 Donación 2026   82-21(38) SO681 001547 30/06/2026 30/06/2026 Obra General
Biblioteca de la Escuela Preuniversitaria en Ciencias Sociales y Humanísticas.
Riobamba 250 bis.
CP 2000 - Rosario - Santa Fe
E-Mail: biblioteca@esociales.unr.edu.ar